Markets (Record no. 82383)
[ view plain ]
| 000 -LEADER | |
|---|---|
| fixed length control field | 00876cam a22002055a 4500 |
| 001 - CONTROL NUMBER | |
| control field | L150071 |
| 008 - FIXED-LENGTH DATA ELEMENTS--GENERAL INFORMATION | |
| fixed length control field | 100528e20100925xxkdo f 000 0 eng d |
| 035 ## - SYSTEM CONTROL NUMBER | |
| System control number | (Sirsi) u150071 |
| 041 0# - LANGUAGE CODE | |
| Language code of text/sound track or separate title | eng |
| 100 1# - MAIN ENTRY--PERSONAL NAME | |
| Personal name | Shepherd, Mark |
| 245 00 - TITLE STATEMENT | |
| Title | Markets |
| Remainder of title | Manchester |
| 260 ## - PUBLICATION, DISTRIBUTION, ETC. | |
| Date of publication, distribution, etc. | 2010 |
| 490 #0 - SERIES STATEMENT | |
| Series statement | Property Week |
| Volume/sequential designation | 76(19) 17 May 2010, 53-66(5) |
| 520 ## - SUMMARY, ETC. | |
| Summary, etc. | Top architect Rafael Vinoly may be signed up to design a £1bn sports and leisure centre around the City of Manchester Stadium. The Manchester Office sector saw a strong finish to 2009 but only a muted Q1 2010, 19% below the five-year quarterly average. Soaring vacancy rates' problem inherited by Segro after acquiring 30 acres of assets at Trafford Park from Brixton. |
| 590 ## - LOCAL NOTE (RLIN) | |
| Local note | KA |
| 651 #4 - SUBJECT ADDED ENTRY--GEOGRAPHIC NAME | |
| Geographic name | Manchester |
| 690 ## - LOCAL SUBJECT ADDED ENTRY--TOPICAL TERM (OCLC, RLIN) | |
| Topical term or geographic name as entry element | PROPERTY-COMMERCIAL PROPERTY-COMMERCIAL PROPERTY MARKET |
| 700 1# - ADDED ENTRY--PERSONAL NAME | |
| Personal name | Ward, Ian |
| 942 ## - ADDED ENTRY ELEMENTS (KOHA) | |
| Suppress in OPAC | 0 |
| Withdrawn status | Lost status | Source of classification or shelving scheme | Damaged status | Not for loan | Home library | Current library | Shelving location | Date acquired | Total Checkouts | Full call number | Barcode | Date last seen | Copy number | Price effective from | Koha item type |
|---|---|---|---|---|---|---|---|---|---|---|---|---|---|---|---|
| Dewey Decimal Classification | London | London | Journal article | 28/05/2010 | L150071 | 150071-1001 | 06/08/2019 | 1 | 06/08/2019 | Journal article |